000 00895nam a2200253Ia 4500
003 OSt
005 20220923224623.0
006 a|||||r|||| 00| 0
007 ta
008 220922b |||||||| |||| 00| 0 san d
024 _a247,887
037 _cTextual
040 _aARTS
_cARTS
_bsan
041 _2san
_asan
082 _aO15,2D81,1, 152N3
100 _aविशखदत्त; गुप्ता, पुष्पा, संपा.
245 0 _aमुद्राराक्षसम्
246 _aMudrārākṣhasam
260 _aदिल्ली
_b ईस्टर्न बुक लिंकर्स
_c1993
300 _a414पृ0
_ccm.
650 _aसंस्कृत साहित्य
942 _hO15,2D81,1, 152N3
_cTEXL
_2CC
999 _c372565
_d372565